000 00724nam a2200289Ia 4500
005 20260324120215.0
008 008 260324s9999 xx 000 0 eng d
020 _a9780429152528
037 _aEBOOK
040 _aCRL
040 _beng
040 _cCRL
041 _2eng
041 _aeng
084 _qCRL
100 _aAudra Morse; Kay J. Tindle; Venki Uddameri
_91157650
245 0 _aHydraulic Fracturing Impacts and Technologies
245 2 _bA Multidisciplinary Perspective
260 _bTaylor and Francis
260 _c2015
365 _a
365 _b305
856 _uhttp://www.taylorfrancis.com/books/9780429152528
942 _cEBOOK
999 _c1749060
_d1749060